000
00220nam a22000857a 4500
008
160629b xxu||||| |||| 00| 0 eng d
100
_9
1364
_a
Gupta, D.C
245
_a
Indian Government and Politics
260
_a
N.D
_b
Vikas
_c
1972
999
_c
1123
_d
1123